LEADER 03997oam 2200625 450 001 9910788302003321 005 20161228113334.0 010 $a0-472-02925-8 024 7 $a10.3998/mpub.5176711 035 $a(CKB)3170000000060268 035 $a(EBL)3570487 035 $a(SSID)ssj0000956546 035 $a(PQKBManifestationID)11516428 035 $a(PQKBTitleCode)TC0000956546 035 $a(PQKBWorkID)10965230 035 $a(PQKB)11520301 035 $a(MiAaPQ)EBC3570487 035 $a(OCoLC)856017713 035 $a(MdBmJHUP)muse24856 035 $a(MiU)10.3998/mpub.5176711 035 $a(Au-PeEL)EBL3570487 035 $a(CaPaEBR)ebr10744868 035 $a(CaONFJC)MIL509494 035 $a(OCoLC)932325330 035 $a(dli)HEB32149.0001.001 035 $a(MiU)MIU01200000000000000000245 035 $a(EXLCZ)993170000000060268 100 $a20130408d2013 ub 0 101 0 $aeng 135 $aur|n|---||||| 181 $ctxt 182 $cc 183 $acr 200 10$aIdentity, place, and subversion in contemporary Mizrahi cinema in Israel /$fYaron Shemer 210 1$aAnn Arbor :$cUniversity of Michigan Press,$d[ 2013] 215 $a1 online resource (303 p.) 300 $aDescription based upon print version of record. 311 $a0-472-11884-6 320 $aIncludes bibliographical references and index. 327 $a""Contents""; ""Introduction ""; ""Chapter One. Mizrahi Ethnicity and Israeli Cinema ""; ""Chapter Two. The Cinematic Construction of Mizrahi Identity ""; ""Chapter Three. The Mizrahi Space ""; ""Chapter Four. The Absence of Power and the Power of Absence: Victimhood, Struggle and Agency""; ""Chapter Five. Intersectionality and Alliances ""; ""Afterword: What Is Mizrahi in Mizrahi Cinema? ""; ""Appendix 1. Israeli Fimls Cited ""; ""Appendix 2. Interviews""; ""Works Cited ""; ""Index"" 330 $a" In Identity, Place, and Subversion in Contemporary Mizrahi Cinema in Israel, Yaron Shemer articulates the modalities through which Mizrahi (Oriental-Jewish or Arab-Jewish) films employ narratives, characters, and space to glean ethnic identities and, often, to redraw ethnic boundaries. This study's approach to Mizrahi ethnicity in Israel then stands in stark contrast to the conventional precept of the societal pastiche in modern Israel and the regnant discourse about the widespread dismissal of ethnic divisions in the country. For decades after the establishment of the State, Israeli films mostly acquiesced with Zionism's dominant discourse whereby the Mizrahi was deemed an inferior other whose "Levantine" culture was believed to pose a threat to the Western-oriented Zionist enterprise. Shemer explores the continuous marginalization of the Mizrahi in contemporary Israeli cinema and the challenge some Mizrahi films offer to the subjugation of this ethnic group. Beyond its textual analysis, the book examines the role cultural policies and institutional power in Israel have recently played in shaping Mizrahi cinema and the creation of a Mizrahi niche in cinema--a space that defines and contains contesting voices more than it nourishes them. Ultimately, this pioneering work charts a new territory of academic inquiry; Identity, Place, and Subversion in Contemporary Mizrahi Cinema in Israel is designed to facilitate the making of "Mizrahi Cinema" a legitimate, recognized, and vibrant scholarly field"--$cProvided by publisher. 606 $aMotion pictures$zIsrael 606 $aMotion pictures$xSocial aspects$zIsrael 615 0$aMotion pictures 615 0$aMotion pictures$xSocial aspects 676 $a791.43095694 686 $aPER004030$aHIS019000$2bisacsh 700 $aShemer$b Yaron$01475915 712 02$aMichigan Publishing (University of Michigan) 801 0$bMiU 801 1$bMiU 906 $aBOOK 912 $a9910788302003321 996 $aIdentity, place, and subversion in contemporary Mizrahi cinema in Israel$93690308 997 $aUNINA LEADER 01849nam0 22003131i 450 001 UON00227837 005 20231205103445.389 100 $a20030730e18761968 |0itac50 ba 101 $ager 102 $aBE 105 $a|||| ||||| 200 1 $aˆDas ‰ System der Philosophie als exacter Wissenschaft enthaltend Logik, Natur- philosophie und Geistesphilosophie$fvon C. L. Michelet 205 $aBruxelles : Culture et Civilisation$b1968 210 $a4 v. in 5 t.$a23 cm. Bd. 1: Logik, Dialektik, Metaphysik 215 $aXVI, 312 p 606 $aFILOSOFIA$xSec. 19.$xStudi$3UONC048076$2FI 620 $aBE$dBruxelles$3UONL000128 676 $a100$cFilosofia$v21 700 1$aMICHELET$bKarl Ludwig$3UONV138071$0159344 712 $aCulture et Civilisation$3UONV257937$4650 801 $aIT$bSOL$c20240220$gRICA 912 $aUON00227837 950 $aSIBA - SISTEMA BIBLIOTECARIO DI ATENEO$dSI CONS. FP III 0142 (1-5) $eSI LO 19167 7 (1-5) 950 $aSIBA - SISTEMA BIBLIOTECARIO DI ATENEO$dSI CONS. FP III 0142 2 $eSI LO 19168 7 2 950 $aSIBA - SISTEMA BIBLIOTECARIO DI ATENEO$dSI CONS. FP III 0142 3 $eSI LO 19169 7 3 950 $aSIBA - SISTEMA BIBLIOTECARIO DI ATENEO$dSI CONS. FP III 0142 4 $eSI LO 19170 7 4 950 $aSIBA - SISTEMA BIBLIOTECARIO DI ATENEO$dSI CONS. FP III 0142 5 $eSI LO 19171 7 5 996 $aSystem der Philosophie als exacter Wissenschaft enthaltend Logik, Natur- philosophie und Geistesphilosophie$91271648 997 $aUNIOR